000
00315nam a22001217a 4500
020
_a
0-07-062686-3
082
_a
621.38173 VLS'S
100
_a
SZE, S. M
_9
66664
245
_a
VLSI TECHNOLOGY, INTEGRATED CIRCUITS VERY LARGE SCALE INTEGRATION
260
_a
TOKYO
_b
MCGRAW HILL
_c
1983
300
_a
654P
942
_c
BK
999
_c
582006
_d
582006